Алгоритм успеха: повести и рассказы; Алгоритм успеха; Встречники; Странная планета; Жил-был мальчик; Перепутанный; Тупик

Bibliographic Details
Main Author: Савченко В. И. Владимир Иванович
Language:Russian
Published: Москва, Молодая гвардия, 1983
TOC:Алгоритм успеха;
Встречники;
Странная планета;
Жил-был мальчик;
Перепутанный;
Тупик;
Subjects:
Format: Book
KOHA link:https://koha.lib.tpu.ru/cgi-bin/koha/opac-detail.pl?biblionumber=74482

MARC

LEADER 00000nam0a2200000 4500
001 74482
005 20231031085351.0
035 |a (RuTPU)RU\TPU\book\79433 
090 |a 74482 
100 |a 20050304d1983 m y0rusy50 ca 
101 0 |a rus 
102 |a RU 
105 |a a z 000ay 
200 1 |a Алгоритм успеха  |e повести и рассказы  |f В. И. Савченко 
210 |a Москва  |c Молодая гвардия  |d 1983 
215 |a 319 с.  |c ил. 
464 |t Алгоритм успеха  |o Повесть 
464 |t Встречники  |o Повесть 
464 |t Странная планета  |o Рассказ 
464 |t Жил-был мальчик  |o Рассказ 
464 |t Перепутанный  |o Рассказ 
464 |t Тупик  |o Философский детектив 
610 1 |a романы 
610 1 |a повести 
610 1 |a рассказы 
610 1 |a научно-фантастические романы 
610 1 |a художественная литература 
675 |a Р2  |v 3 
700 1 |a Савченко  |b В. И.  |g Владимир Иванович 
801 1 |a RU  |b 63413507  |c 20050304  |g PSBO 
801 2 |a RU  |b 63413507  |c 20060116  |g PSBO 
942 |c BK